| 000 | 01812cam a2200229 4500 | ||
|---|---|---|---|
| 001 | 26512 | ||
| 005 | 20230410103901.0 | ||
| 008 | 060907s2005 nju eng | ||
| 020 | _a0471743178 | ||
| 035 | _9funglode26711 | ||
| 041 | _aEng | ||
| 050 | 1 | 4 |
_a416 DS 119.76 _bD438c 2005 |
| 082 | 0 | 0 | _a956.9405/4 |
| 100 | 1 | _aDershowitz, Alan M. | |
| 245 | 1 | 4 |
_aThe case for peace : _bhow the Arab-Israeli conflict can be resolved / _cAlan Dershowitz |
| 260 |
_aNew Jersey : _bJohn Wiley, _c2005 |
||
| 300 |
_aix, 246 p. : _bmaps ; _c25 cm. |
||
| 505 | 0 | _aThe case for peace -- Overcoming the geopolitical barriers to peace -- The end result : two states with secure and recognized borders -- Is the one-state solution a barrier to peace? -- Is a non-contiguous Palestinian state a barrier to peace? -- Can peace be achieved without compromising rights? -- Is the division of Jerusalem a barrier to peace? -- Are the informal Geneva accords a basis for or a barrier to peace? -- Can Israel make peace and prevent terrorism at the same time? -- Are Israeli counter-terrorism measures the cause of suicide bombings and a barrier to peace? -- What if a Palestinian state became a launching pad for terrorism? -- Will civil wars be necessary to bring about peace? -- Is the security fence a barrier to peace? -- Is a militarized Palestine a barrier to peace? -- Is the Iranian nuclear threat a barrier to peace? -- Overcoming the hatred barriers to peace -- More Palestinian than the Palestinians -- More Israeli than the Israelis -- A case study in hate and intimidation -- Will anti-semitism decrease as Israel moves toward peace with the Palestinians? -- The contributions peace can make. | |
| 650 | 0 |
_aArab-Israeli conflict _y1993- _xPeace. |
|
| 650 | 4 |
_aConflicto árabe-israelí, 1993 _xPaz. |
|
| 942 |
_2lcc _cbk |
||
| 999 |
_c27707 _d27707 |
||